000 00731 a2200229 4500
001 45974
005 20260407155733.0
008 260407a1994 arg spa d
003 AR-UNSa-BCEJYS
040 _aAR-UNSa-BCEJYS
_bspa
_cAR-UNSa-BCEJYS
080 _a314(084.4)
_xAtlas demográfico
245 1 0 _aThe world bank atlas 1995
020 _a0-8223-2922-7
264 1 _aWashington :
_bThe World Bank
_c1994
300 _a36 p.
_c23 cm.
505 _a1. Población – 2. Economía – 3. Medio Ambiente –
041 _aspa
942 _cBK
590 _aniveau_biblio:m niveau_hierar:0
100 1 _aWorld Bank
856 4 1 _uhttps://www.biblioeco.unsa.edu.ar/pmb/images/libros/L127265.jpg
_yImagen de portada
_qimage/jpeg
999 _c4102
_d4102